000 00605nam a2200193Ia 4500
005 20250923145121.0
008 008 250917s9999 xx 000 0 eng d
037 _aTextual
040 _aDSWL
_beng
_cDSWL
041 _aeng
_2eng
084 _aY33:7:7p58N64, N66
_qDSWL
245 0 _aReport of the United nations symposium on the planning and development of new towns
_cby United Nations
260 _bNations Publications
_c1966
300 _avii,71 p.
365 _aUSD
_b0.75
925 _g0.75
942 _cTEXL
_hY33:7:7p58N64, N66
999 _c1447323
_d1447323